Państwa które nie mają Street View - nagła śmierć - Statystyki

Ogólne statystyki
  • Ten quiz został rozwiązany 311 razy
    59 od ostatniego zresetowania
  • Średni wynik to 5 z 15
Answers on the Grid
Answers color-coded by a green-red scale on the quiz's grid according to % correct below.
Zambia
Surinam
Somalia
Salwador
Rosja
Papua-Nowa Gwinea
Pakistan
Nigeria
Niger
Meksyk
Maroko
Madagaskar
Lesotho
Kuba
Korea Północna
Jemen
Iran
Indonezja
Gwinea Równikowa
Gujana
Eswatini
Erytrea
Egipt
Czad
Chiny
Brazylia
Botswana
Bhutan
Argentyna
Afganistan
 
Statystyki odpowiedzi
Odpowiedź % Poprawnych
Somalia
63%
Korea Północna
52%
Papua-Nowa Gwinea
44%
Surinam
44%
Niger
41%
Czad
37%
Zambia
37%
Afganistan
33%
Kuba
26%
Erytrea
22%
Iran
22%
Jemen
19%
Salwador
19%
Gwinea Równikowa
15%
Gujana
4%
Nie znaleziono quizów pasujących do podanych kryteriów
Rozkład punktacji
Procent ludzi z każdym wynikiem
Percentyl według liczby udzielonych odpowiedzi
Twoja historia wyników
Nie rozwiązałeś tego quizu od ostatniego zresetowania